000 00547nam a2200193Ia 4500
005 20250508155238.0
008 008 250505s9999 xx 000 0 eng d
037 _aTextual
040 _aFEDL
_beng
_cFEDL
041 _aeng
_2eng
084 _a333.9669, UNI
_qFEDL
245 0 _aFinal report of the lagos conference
245 0 _cUnited Nations Educational, Scientific and Cultural Organization
260 _c1964
300 _a102p.
650 _aEconomics
942 _cTEXL
_h333.9669, UNI
999 _c1355485
_d1355485